01754nam a2200469 i 450000100060000000300080000600500170001400600190003100700150005000800410006502000270010602000180013303500230015103500240017403500250019803500210022304000310024405000260027508000080030108200140030924501350032326400640045830000410052233600310056333700330059433800430062749000130067050000220068350400290070558801290073459001590086365000210102265000320104365000170107565000190109265500270111170000340113879700190117283000140119185600620120599900170126740179FlNmELB20241216221847.0m o d | cr cnu||||||||150925s2012 sp ob 001 0 spa d a9788476539569 (e-book) z9788476539033 a(MiAaPQ)EBC3229691 a(Au-PeEL)EBL3229691 a(CaPaEBR)ebr11046843 a(OCoLC)949150739 aFINmELBbspaerdacFINmELB 4aQB51.3.L53bC759 2012 a5040 a363.722300aContaminación lumínica :buna visión desde el foco contaminante: el alumbrado artificial /cManuel García Gil [y otros 3]. 1aBarcelona :bUniversitat Politècnica de Catalunya,c2012. a1 recurso en línea (155 páginas) atextobtxt2rdacontent/spa acomputadorabc2rdamedia/spa arecurso en líneabcr2rdacarrier/spa1 aUPC Grau aIncluye índice. aContiene bibliografía. aDescripción basada en recurso en línea; Título de la página del título en PDF (e-libro, visto September 25, 2015). aRecurso electronico. Santa Fe, Arg. : e-libro, 2014. Disponible via World Wide Web. El acceso puede ser limitado para las bibliotecas afiliadas a e-libro. 0aLight pollution. 4aContaminación lumínica. 0aEnvironment. 4aMedioambiente. 4aLibros electrónicos.1 aGarcía Gil, Manuel,eautor.2 ae-libro, Corp. 0aUPC Grau.40uhttps://elibro.net/ereader/politecnicointernacional/52184 c40179d40179